Yong yuan bu duan de xian / (Record no. 193998)

MARC details
000 -LEADER
fixed length control field 01418nam a2200385 i 4500
003 - CONTROL NUMBER IDENTIFIER
control field OSt
005 - DATE AND TIME OF LATEST TRANSACTION
control field 20231213103547.0
008 - FIXED-LENGTH DATA ELEMENTS--GENERAL INFORMATION
fixed length control field 231213s2022 cc a j 000 1 chi d
020 ## - INTERNATIONAL STANDARD BOOK NUMBER
International Standard Book Number 9787555031154
Terms of availability RM63.90
Qualifying information hardback
040 ## - CATALOGING SOURCE
Original cataloging agency PPAK
Language of cataloging eng
Transcribing agency PPAK
Description conventions rda
041 1# - LANGUAGE CODE
Language code of text/sound track or separate title chi
Language code of original eng
082 04 - DEWEY DECIMAL CLASSIFICATION NUMBER
Edition number 23
Classification number 823.92
090 00 - LOCALLY ASSIGNED LC-TYPE CALL NUMBER (OCLC); LOCAL CALL NUMBER (RLIN)
Classification number (OCLC) (R) ; Classification number, CALL (RLIN) (NR) 823.92
Feature heading LEI
Feature heading K
100 1# - MAIN ENTRY--PERSONAL NAME
Linkage 880-01
Personal name Leitner, Inbal,
Relator term author.
245 10 - TITLE STATEMENT
Linkage 880-02
Title Yong yuan bu duan de xian /
Statement of responsibility, etc. Yingba'er Laitena zhu ; Shihua yi.
246 33 - VARYING FORM OF TITLE
Display text Translation of:
Title proper/short title The longest strongest thread.
250 ## - EDITION STATEMENT
Edition statement Di 1 ban.
264 #1 - PRODUCTION, PUBLICATION, DISTRIBUTION, MANUFACTURE, AND COPYRIGHT NOTICE
Place of production, publication, distribution, manufacture Fuzhou :
Name of producer, publisher, distributor, manufacturer Strait Literature and Art Publishing House,
Date of production, publication, distribution, manufacture, or copyright notice 2022
300 ## - PHYSICAL DESCRIPTION
Extent 1 volume (unpaged) :
Other physical details color illustrations ;
Dimensions 25 x 25 cm
336 ## - CONTENT TYPE
Content type term text
Source rdacontent
337 ## - MEDIA TYPE
Media type term unmediated
Source rdamedia
338 ## - CARRIER TYPE
Carrier type term volume
Source rdacarrier
490 1# - SERIES STATEMENT
Series statement 880-03
Volume/sequential designation Lang hua duo duo
546 ## - LANGUAGE NOTE
Language note In simplified Chinese script.
650 10 - SUBJECT ADDED ENTRY--TOPICAL TERM
Topical term or geographic name entry element Children's stories, English
Form subdivision Translations into Chinese
Topical term or geographic name entry element Grandparent and child
Form subdivision Juvenile fiction
Topical term or geographic name entry element Moving, Household
Form subdivision Juvenile fiction
Topical term or geographic name entry element Grandmothers
Form subdivision Juvenile fiction
700 0# - ADDED ENTRY--PERSONAL NAME
Personal name Shihua,
Relator term translator.
830 #0 - SERIES ADDED ENTRY--UNIFORM TITLE
Uniform title Lang hua duo duo
880 1# - ALTERNATE GRAPHIC REPRESENTATION
Linkage 100-01
a 莱特纳,英巴尔,
e author.
Linkage 245-02
a 永远不断的线 /
c 英巴尔·莱特纳 著 ; 十画 译.
Linkage 490-03
a 浪花朵朵
942 ## - ADDED ENTRY ELEMENTS (KOHA)
Source of classification or shelving scheme Dewey Decimal Classification
Koha item type Book
Holdings
Withdrawn Not for loan Current library Shelving location Date acquired Total Checkouts Total Renewals Full call number Barcode Date last seen Date last checked out Koha item type
    Perpustakaan Alor Setar Pinjaman Kanak-kanak 14/01/2024 4 2 K 823.92 LEI A01801981 15/11/2025 18/10/2025 Book
    Perpustakaan Awam Sungai Petani Pinjaman Kanak-kanak 14/01/2024 3 1 K 823.92 LEI A01801982 21/05/2025 20/05/2025 Book